Manual de contabilidad : (Registro nro. 13054)
[ vista simple ]
| 000 -LIDER | |
|---|---|
| fixed length control field | 00851nam a2200289 4500 |
| 001 - NÚMERO DE CONTROL | |
| Identificador de número de control | |
| 003 - IDENTIFICACDOR DE NÚMERO DE CONTROL | |
| control field | DO-SdBNP |
| 005 - DATE AND TIME OF LATEST TRANSACTION | |
| control field | 20240118114424.0 |
| 008 - ELEMENTOS DE LONGITUD FIJA | |
| fixed length control field | 140604s1997 sp 000 0 und d |
| 020 ## - ISBN | |
| International Standard Book Number | 0442267541 |
| 040 ## - FUENTE DE CATALOGACIÓN | |
| Agencia que crea de manera original el registro | DO-SdBNP |
| Idioma de catalogación | spa |
| Agencia que realiza la transcripción | BPMSU |
| 082 #4 - NÚMERO DE CLASIFICACIÓN DECIMAL DE DEWEY | |
| Classification number | 657 |
| Item number | N632m 1997 |
| Edition number | 22 |
| 100 1# - ASIENTO PRINCIPAL -- NOMBRE PERSONAL | |
| Nombre personal | Nickerson, Clarence B. |
| 245 10 - MENCIÓN DE TITULO | |
| Título | Manual de contabilidad : |
| Subtítulo | para no contadores / |
| Mención de responsabilidad | Clarence B. Nickerson ; traductor y revisor José Anguera Torrents. |
| 260 ## - PUBLICACIÓN, DISTRIBUCIÓN, ETC. (PIE DE IMPRENTA) | |
| Lugar de publicación, distribución, etc | Barcelona : |
| Nombre del editor, distribuidor, etc. | Océano, |
| Fecha de publicación, distribución, etc | 1997 |
| 300 ## - DESCRIPCIÓN FÍSICA | |
| Extensión | 619 p. ; |
| Dimensiones | 24 cm. |
| 590 ## - NOTA LOCAL | |
| Texto de la nota local | Inventariado, 2024/VM |
| 650 #4 - ENCABEZAMIENTO DE MATERIA--TEMÁTICO | |
| Término temático o nombre geográfico como elemento de entrada | Contabilidad. |
| Subdivisión de forma | Manuales |
| 700 1# - ASIENTO SECUNDARIO -- NOMBRE PERSONAL | |
| Nombre personal | Anguera Torrents, José |
| Mención de responsabilidad | traductor |
| 700 1# - ASIENTO SECUNDARIO -- NOMBRE PERSONAL | |
| Nombre personal | Nickerson, Clarence B. |
| 710 2# - ASIENTO SECUNDARIO -- NOMBRE CORPORATIVO | |
| Nombre corporativo o de jurisdicción | Océano |
| 852 ## - LOCALIZACIÓN | |
| Número de copia | |
| 856 ## - UBICACIÓN ELECTRÓNICA Y ACCESO | |
| Materiales especificados | |
| 856 ## - UBICACIÓN ELECTRÓNICA Y ACCESO | |
| Identificador Uniforme del Recurso (“URI”) | |
| Nombre del dominio (“Host name”) | |
| Número de acceso | |
| Información de la compresión | |
| Ruta de acceso (“Path”) | |
| Nombre electrónico | |
| 910 ## - VALIDACIÓN | |
| Validación | VMateo V. control de calidad. BPMSU |
| 942 ## - ADDED ENTRY ELEMENTS (KOHA) | |
| Source of classification or shelving scheme | Dewey Decimal Classification |
| Koha item type | Libros |
| Withdrawn status | Lost status | Source of classification or shelving scheme | Damaged status | Not for loan | Collection code | Home library | Current library | Date acquired | Source of acquisition | Total Checkouts | Full call number | Barcode | Date last seen | Price effective from | Koha item type |
|---|---|---|---|---|---|---|---|---|---|---|---|---|---|---|---|
| Dewey Decimal Classification | Colección General | Biblioteca Pública Metropolitana Salomé Ureña | Biblioteca Pública Metropolitana Salomé Ureña | 11/23/2017 | Fundación Economía y Desarrollo | BPMSU CG 657 N632m 1997 | BPMSU17110382 | 11/23/2017 | 11/23/2017 | Libros |